Currency used in Asian Countries - Sudden Death - Statistics

General Stats
  • This quiz has been taken 1,692 times
  • The average score is 8 of 18
Answers on the Grid
Answers color-coded by a green-red scale on the quiz's grid according to % correct below.
Won
Somoni
Baht
Pound
Dinar
Pataca
Som
Tenge
Togrog
Yen
Rial
Dollar
Riel
Taka
Ngultrum
Rupee
Dirham
Peso
Dobra
Pula
Colon
Franc
Shilling
Loti
Cedi
Real
Leu
Naira
Zloty
Tala
 
Answer Stats
Answer % Correct
Yen
81%
Rupee
79%
Won
76%
Baht
70%
Dinar
63%
Dollar
57%
Dirham
56%
Rial
52%
Peso
35%
Som
32%
Riel
27%
Taka
26%
Togrog
26%
Tenge
25%
Pound
24%
Ngultrum
23%
Somoni
19%
Pataca
11%
No matching quizzes found
Score Distribution
Percent of People with Each Score
Percentile by Number Answered
Your Score History
You have not taken this quiz